000
00309 a2200145 4500
001
166824
020
_a
040
_c
Magnum
100
_a
Namikoshi, Toru
240
1
0
_a
Shiatsu e alongamento
_l
por
245
1
0
_a
Shiatsu e alongamento
362
0
_a
1899
697
_a
CIENCIAS MEDICAS SAUDE
942
_c
BK
999
_c
166824
_d
166824